000 00414nam a2200169Ia 4500
008 220216s9999 xx 000 0 und d
100 _aSebastian M Sunny
245 0 _aNR latex ideal for making condoms
260 _bRubber Asia
_c2015
300 _a82-90
500 _aSource Year: 2015
650 _aCondoms
650 _aLatex compound
650 _aNR latex
650 _aRubber Chemicals
942 _cJS
999 _c64150
_d64150